000 00711nam a2200193 i 4500
001 87869
003 ES-MaACL
005 20250707074237.0
007 t|
008 041227s1950 po ||||1| por d
100 1 _aLacerda, Armando de.
_969353
245 1 0 _aAnalise de expressoes sonoras da comprensao
_b: (trabalho realizado no laboratorio da Universidades de Coimbra) /
_cArmando de Lacerda.
260 _a[Coimbra] :
_bUniversidade,
_c1950 (
_fGraf. de Coimbra)
300 _a245 p., [2] gráf. pleg. :
_bil. ;
_c26 cm.
490 1 _aActa Universitatis Conimbrigensis
830 0 0 _aActa Universitatis Conimbrigensis
_9181764
852 _aES-MaACL
_jD-7109
_bR.30337
999 _c87869
_d87869